- Teoría de sistemas
Entry Materia
001 - NÚMERO DE CONTROL DEL REGISTRO
- campo de control: 26620
003 - IDENTIFICADOR DE NUMERO DE CONTROL
- campo de control: UPN
005 - FECHA Y HORA DE LA ÚLTIMA TRANSACCIÓN
- campo de control: 20230201130404.0
008 - DATOS DE LONGITUD FIJA
- campo de control de longitud fija: 230201n||acnnnbabn | ana |d
035 ## - NÚMERO DE CONTROL DEL SISTEMA
- Número de control del sistema: UPN10000026629
040 ## - FUENTE DE LA CATALOGACIÓN
- Centro catalogador de origen: MX-MxUPN
- Lengua de catalogación: spa
- Agencia de transcripción: MX-MxUPN
046 ## - FECHAS CON CODIFICACIÓN ESPECIAL
- Fecha final para contenidos agregados: 220622
150 ## - ENCABEZAMIENTO - TEMÁTICO
- Término de materia o nombre geográfico como elemento inicial: Teoría de sistemas
450 ## - VÉASE - MATERIA
- Encabezamiento temático: Teoría de los sistemas
450 ## - VÉASE - MATERIA
- Encabezamiento temático: Sistemas, Teoría de
550 ## - VÉASE ADEMÁS - MATERIA
- Subcampo de control: g
- Encabezamiento temático o nombre geográfico como elemento de entrada: Ciencia
- Subdivisión temática general: Filosofía
550 ## - VÉASE ADEMÁS - MATERIA
- Subcampo de control: h
- Encabezamiento temático o nombre geográfico como elemento de entrada: Comportamiento caótico en sistemas
550 ## - VÉASE ADEMÁS - MATERIA
- Subcampo de control: h
- Encabezamiento temático o nombre geográfico como elemento de entrada: Cibernética
550 ## - VÉASE ADEMÁS - MATERIA
- Subcampo de control: h
- Encabezamiento temático o nombre geográfico como elemento de entrada: Investigación de operaciones
550 ## - VÉASE ADEMÁS - MATERIA
- Subcampo de control: h
- Encabezamiento temático o nombre geográfico como elemento de entrada: Sistemas sociales
550 ## - VÉASE ADEMÁS - MATERIA
- Subcampo de control: h
- Encabezamiento temático o nombre geográfico como elemento de entrada: Análisis de sistemas
550 ## - VÉASE ADEMÁS - MATERIA
- Subcampo de control: h
- Encabezamiento temático o nombre geográfico como elemento de entrada: Autopoiesis
670 ## - FUENTE EN LA QUE SE LOCALIZARON DATOS
- Cita de la fuente: LC
- Información localizada: Systems Theory
902 ## - CATALOGADOR
- Catalogador: EMR/270618
